00310nam a2200109Ia 450000500170000000800410001710000180005824500830007626000190015930000110017865000110018920260328104247.0260328s9999||||xx |||||||||||||| ||und|| aStewart, Jack 0aGraffiti Kings :b New York City mass transit art of the 1970s /cJack Stewart bMelcher Media  a223 p. aDIBUJO